|
|
|
|
| LEADER |
00000nam a2200000Ii 4500 |
| 001 |
DIGANAGRA0725 |
| 003 |
NyNyDIG |
| 006 |
m o d |
| 007 |
cr ||||||||||| |
| 008 |
220926s2016 sp o 000 f spa d |
| 035 |
|
|
|a (OCoLC)1350509377
|
| 040 |
|
|
|a DGITA
|b eng
|e rda
|e pn
|c DGITA
|
| 020 |
|
|
|a 9788433937407
|q digital
|
| 020 |
|
|
|z 9788433931955
|
| 041 |
1 |
|
|a spa
|h eng
|
| 050 |
1 |
4 |
|a PS3556.O713 ebook
|
| 082 |
0 |
4 |
|a 813.54
|
| 100 |
1 |
|
|a Ford, Richard,
|d 1944-
|e author.
|
| 240 |
1 |
0 |
|a Sportswriter.
|l Spanish
|s (Núñez and Aguirre)
|
| 245 |
1 |
3 |
|a El periodista deportivo /
|c Richard Ford ; traducción de Isabel Nuñez y José Aguirre.
|
| 250 |
|
|
|a Edición en formato digital.
|
| 264 |
|
1 |
|a Barcelona :
|b Editorial Anagrama,
|c [2016]
|
| 300 |
|
|
|a 1 online resource.
|
| 336 |
|
|
|a text
|b txt
|2 rdacontent
|
| 337 |
|
|
|a computer
|b c
|2 rdamedia
|
| 338 |
|
|
|a online resource
|b cr
|2 rdacarrier
|
| 347 |
|
|
|a text file
|2 rdaft
|
| 347 |
|
|
|b EPUB
|
| 588 |
0 |
|
|a Online resource; title from ePub title page (Digitalia, viewed September 26, 2022)
|
| 650 |
|
0 |
|a Sportswriters
|v Fiction.
|
| 650 |
|
0 |
|a Divorced men
|v Fiction.
|
| 655 |
|
0 |
|a Electronic books.
|
| 700 |
1 |
|
|a Núñez, Isabel,
|d 1957-2012,
|e translator.
|
| 700 |
1 |
|
|a Aguirre, José,
|e translator.
|
| 700 |
1 |
|
|i Translation of:
|a Ford, Richard,
|d 1944-
|t Sportswriter.
|
| 791 |
2 |
|
|a Digitalia (Firm),
|e distributor.
|
| 793 |
0 |
|
|g Digitalia eBook Collection:
|a Anagrama
|
| 776 |
0 |
8 |
|i Print version:
|a Ford, Richard, 1944-
|s Sportswriter. Spanish (Núñez and Aguirre).
|t Periodista deportivo.
|d Barcelona : Editorial Anagrama, [1990]
|z 9788433931955
|
| 830 |
|
0 |
|a Panorama de narrativas ;
|v 195.
|
| 856 |
4 |
0 |
|3 Digitalia Hispánica
|u https://www.digitaliapublishing.com/a/42419/
|
| 910 |
|
|
|a Premium collection: 2022
|